BENİM SÜPER MATEMATİĞİM (Record no. 648554)

MARC details
000 -LEADER
sabit uzunluktaki kontrol alanı 00233nam a2200097Ia 4500
001 - KONTROL NUMARASI
kontrol alanı 648554
005 - EN SON İŞLEMİN TARİH VE ZAMANI
kontrol alanı 20250826153724.0
008 - SABİT-UZUNLUKTA VERİ ÖĞELERİ--GENEL BİLGİ
sabit uzunluktaki kontrol alanı 250824s9999 xx 000 0 und d
245 #0 - ESER / YAZAR
ESER ADI BENİM SÜPER MATEMATİĞİM
260 ## - YAYIN, DAĞITIM, VB.
YAYIN EVİ GENÇ TİMAŞ
Holdings
Düşüm durumu Kayıp durumu Hasar Durumu Ödünç verilmez Ana kütüphane Geçerli Kütüphane Edinilen tarih Toplam ödünç verme sayısı Barkod Son görüntüleme tarihi Fiyatın geçerli olmaya başladığı tarih Koha materyal türü
        MUSTAFA HOTAMIŞLI İMAM HATİP ORTAOKULU MUSTAFA HOTAMIŞLI İMAM HATİP ORTAOKULU 24.08.2025   10071078 26.08.2025 26.08.2025 Books